| 000 | 00663nam a2200193 a 4500 | ||
|---|---|---|---|
| 005 | 20220617131708.0 | ||
| 008 | 991125s1997 mx 000 0 spa u | ||
| 020 | _a9687684291 | ||
| 035 | _aUPN01000001174 | ||
| 049 | _aC | ||
| 050 | 4 |
_aHA767 CH2 _bA43 1997 |
|
| 245 | 0 | 0 |
_aAgenda ejecutiva : _bdatos e indicadores importantes del desarrollo social del Estado de Chiapas : CASDES 1997. |
| 260 |
_aMéxico : _bCASDES, _c1997. |
||
| 300 |
_aix, 129 p. : _bgráfs. |
||
| 651 | 2 |
_aChiapas (México) _xCondiciones económicas _913373 |
|
| 651 | 2 |
_aChiapas (México) _xCondiciones sociales _913375 |
|
| 651 | 4 |
_aCHIAPAS - _vESTADISTICA - _vANUARIOS _913225 |
|
| 905 | _aLibro | ||
| 999 |
_c1174 _d1174 |
||